Zoology

保存先:
書誌詳細
第一著者: Miller, Stephen A.
フォーマット: 図書
言語:Undetermined
出版事項: Boston, MA. McGraw-Hill Higher Education
主題:
タグ: タグ追加
タグなし, このレコードへの初めてのタグを付けませんか!
Thư viện lưu trữ: Trung tâm Học liệu Trường Đại học Cần Thơ
LEADER 00476nam a2200181Ia 4500
001 CTU_123618
008 210402s9999 xx 000 0 und d
020 |c 479000 
082 |a 590 
082 |b M648 
100 |a Miller, Stephen A. 
245 0 |a Zoology 
245 0 |c Stephen A. Miller, John P. Harley 
260 |a Boston, MA. 
260 |b McGraw-Hill Higher Education 
650 |a Zoology 
904 |i Minh 
980 |a Trung tâm Học liệu Trường Đại học Cần Thơ